| 000 | 00879cam a2200253 i 4500 | ||
|---|---|---|---|
| 001 | 17921890 | ||
| 005 | 20201128021207.0 | ||
| 008 | 131029t2014 xxubd frb 001 0 eng d | ||
| 020 | _a9780321898654 (pbk. : alk. paper) | ||
| 020 | _a0321898656 (pbk. : alk. paper) | ||
| 040 |
_aDLC _beng _cDLC _dDLC _dEG-ScBUE |
||
| 082 | 0 | 0 |
_a005.743 _222 _bMAN |
| 100 | 1 |
_aManoochehri, Michael _937363 |
|
| 245 | 1 | 0 |
_aData just right : _bintroduction to large-scale data & analytics / _cMichael Manoochehri. |
| 260 |
_aUpper Saddle River, United States : _bAddison-Wesley, _cc.2014. |
||
| 300 |
_axxiii, 215 p. : _bchart, maps ; _c24 cm. |
||
| 500 | _aindex : p. 199-215. | ||
| 504 | _aIncludes bibliographical references. | ||
| 650 | 0 |
_aDatabase design _92653 |
|
| 650 | 0 |
_aBig data _936502 |
|
| 653 |
_bCOMSCI _cFebruary2015 |
||
| 655 |
_vreading book _934232 |
||
| 942 |
_2ddc _k005.743 MAN |
||
| 999 |
_c18956 _d18928 |
||